Central Library OPAC University of Rajshahi

রক্ত আঁখর / (Record no. 63389)

MARC details
000 -LEADER
fixed length control field 00902nam a2200241 a 4500
001 - CONTROL NUMBER
control field 63389
003 - CONTROL NUMBER IDENTIFIER
rucl marc code BD-RjUL
005 - DATE AND TIME OF LATEST TRANSACTION
control field 20211209081207.0
008 - FIXED-LENGTH DATA ELEMENTS--GENERAL INFORMATION
fixed length control field 170130s1957 bg ||||| |||| 00| 0 ben d
020 ## - INTERNATIONAL STANDARD BOOK NUMBER
Terms of availability :TK 3.75
035 ## - SYSTEM CONTROL NUMBER
System control number (BD-RjUL)63518
040 ## - CATALOGING SOURCE
Original cataloging agency BD-RjUL
Language of cataloging ben
Transcribing agency BD-RjUL
041 ## - LANGUAGE CODE
Language code of text/sound track or separate title ben
082 ## - DEWEY DECIMAL CLASSIFICATION NUMBER
Edition number 23
Classification number 813
Author mark and year HAR 1957
100 ## - MAIN ENTRY--PERSONAL NAME
Personal name হ'থর্ণের, ন্যাথানিয়েল
9 (RLIN) 188621
245 10 - TITLE STATEMENT
Title রক্ত আঁখর /
Statement of responsibility, etc. ন্যাথানিয়েল হ'থর্ণের,
260 ## - PUBLICATION, DISTRIBUTION, ETC. (IMPRINT)
Place of publication, distribution, etc. ঢাকা :
Name of publisher, distributor, etc. সাহিত্য প্রকাশনী,
Date of publication, distribution, etc. ১৯৫৭
300 ## - PHYSICAL DESCRIPTION
Pagination ২১০ পৃ. ;
Size ১৭ সেমি.
650 ## - SUBJECT ADDED ENTRY--TOPICAL TERM
Topical term or geographic name as entry element আমেরিকার উপন্যাস
9 (RLIN) 170427
Topical term or geographic name as entry element American Fiction
9 (RLIN) 185644
700 ## - ADDED ENTRY--PERSONAL NAME
Personal name রহমান, সিরাজুর, অনুবাদ
942 ## - ADDED ENTRY ELEMENTS (KOHA)
Source of classification or shelving scheme Dewey Decimal Classification
Koha item type Books
Holdings
Lost status Source of classification or shelving scheme Damaged status Not for loan Collection code Permanent Location Current Location Shelving location Date acquired Source of acquisition Total Checkouts Full call number Date last seen Copy number Koha item type
  Dewey Decimal Classification   Not For Loan Fiction Central Library, University of Rajshahi Central Library, University of Rajshahi Reading Room 04/08/1991 M.Shamsur Rahaman,R.U.   B 813 HAR 1957 30/01/2017 C-1 Books